01682nam a2200385Ia 4500001000900000003000500009005001700014008004100031010001100072040000900083082002100092110007400113245013400187260007700321300000700398410005800405440006700463500003700530503000700567504002800574505003900602590002000641650004600661650002500707650004600732650003600778710007600814901002100890902000600911905006300917942001500980999001900995952014101014952014101155dia_1070CHAP20230123100814.0220117s1982 xx 000 0 und d a171617 cCHAP a338.763 M45 1982 aMéxico. Secretaría de Agricultura y Recursos Hidraúlicos976864 aEl desarrollo agroindustrial y los sistemas alimentarios básicos /c SARH. Coordinación General de Desarrollo Agroindustrial aMéxico :b Coordinación General de Desarrollo Agroindustrial,c1982 av. aDOCUMENTOS TECNICOS PARA EL DESARROLO AGROINDUSTRIAL. aDocumentos Técnicos para el Desarrollo Agroindustrial933294 aEl v. 10 es material fotocopiado aD. aIncluye bibliografías av.10. Oleaginosas \ v.28. Especies aHD9010 M45 1982 aAgricultural industries Mexico 9149942 aFood systems9149943 aIndustrias agrícolasxMéxico 957957 aSistemas alimentarios 9149944 aSecretaría de Agricultura y Recursos Hidraúlicos (México)9149945 a338.763 M45 1982 aM a5222271982 MX an 8223223322SPA16 cLIBRO2ddc c171617d171617 00102ddc40708GRALaIA_bIA_d2022-01-18f1hVolumen: 28 l0o338.763 M45 1982pdia_002114r2022-01-18 00:00:00t1w2022-01-18yLIBRO 00102ddc40708GRALaIA_bIA_d2022-01-18f1hVolumen: 10 l0o338.763 M45 1982pdia_002577r2022-01-18 00:00:00t1w2022-01-18yLIBRO